[Event "17. Internationales Open Graz 2010"]
[Site "Brauhaus Puntigam, Graz"]
[Date "2010.09.01"]
[Round "5"]
[Board "1"]
[White "Lanka, Zigurds"]
[Black "Rabiega, Robert"]
[Result "1/2-1/2"]
[WhiteElo "2468"]
[BlackElo "2508"]
[PlyCount "40"]
[EventDate "2010.08.28"]
[EventRounds "9"]
[EventCountry "AUT"]

1.e4 e5 2.Nf3 Nf6 3.Nxe5 d6 4.Nf3 Nxe4 5.Qe2 Qe7 6.d3 Nf6 7.Bg5 Qxe2+ 8.Bxe2
Nbd7 9.Nc3 h6 10.Bd2 Nb6 11.O-O-O Bd7 12.h3 O-O-O 13.d4 Be7 14.Bd3 Rhe8 15.Rde1
Bf8 16.Nd1 Rxe1 17.Rxe1 Re8 18.Rxe8+ Bxe8 19.Ne3 Nbd5 20.Nxd5 Nxd5

[Event "17. Internationales Open Graz 2010"]
[Site "Brauhaus Puntigam, Graz"]
[Date "2010.09.01"]
[Round "5"]
[Board "1"]
[White "Basagic, Zlatko"]
[Black "Sakelsek, Tadej"]
[Result "1/2-1/2"]
[WhiteElo "2327"]
[BlackElo "2407"]
[PlyCount "55"]
[EventDate "2010.08.28"]
[EventRounds "9"]
[EventCountry "AUT"]

1.g3 Nf6 2.Bg2 d5 3.Nf3 c6 4.b3 Bg4 5.Bb2 Nbd7 6.d3 Qc7 7.O-O e5 8.c4 dxc4
9.bxc4 Bd6 10.Nbd2 O-O 11.h3 Bh5 12.Nh4 Nc5 13.g4 Bg6 14.Nxg6 hxg6 15.Qc2 Rad8
16.Rab1 Rfe8 17.Rfd1 Qe7 18.Nf3 e4 19.Bxf6 gxf6 20.dxe4 Nxe4 21.e3 Rd7 22.Nd4
Nc5 23.Nb3 Nxb3 24.Rxb3 Red8 25.Rbd3 Bc5 26.Rxd7 Rxd7 27.Rxd7 Qxd7 28.Bf3

[Event "17. Internationales Open Graz 2010"]
[Site "Brauhaus Puntigam, Graz"]
[Date "2010.09.01"]
[Round "5"]
[Board "1"]
[White "Halvax, Georg"]
[Black "Webersberger, Johann"]
[Result "1/2-1/2"]
[WhiteElo "2255"]
[BlackElo "2368"]
[PlyCount "39"]
[EventDate "2010.08.28"]
[EventRounds "9"]
[EventCountry "AUT"]

1.e4 e5 2.Nf3 d6 3.d4 exd4 4.Nxd4 Nf6 5.Nc3 Be7 6.Bf4 O-O 7.Qd2 Nc6 8.O-O-O Nxd4
9.Qxd4 a6 10.f3 b5 11.Kb1 c5 12.Qd2 b4 13.Nd5 Nxd5 14.exd5 Bd7 15.Bc4 Bb5 16.Qd3
Qd7 17.Rhe1 Rfe8 18.Re4 Bf8 19.Rde1 g6 20.Bg5

[Event "17. Internationales Open Graz 2010"]
[Site "Brauhaus Puntigam, Graz"]
[Date "2010.09.01"]
[Round "5"]
[Board "1"]
[White "Krumpacnik, Domen"]
[Black "Fauland, Peter"]
[Result "1-0"]
[WhiteElo "2331"]
[BlackElo "2243"]
[PlyCount "83"]
[EventDate "2010.08.28"]
[EventRounds "9"]
[EventCountry "AUT"]

1.d4 Nf6 2.c4 d6 3.Nc3 Nbd7 4.Nf3 e5 5.g3 Be7 6.Bg2 c6 7.O-O O-O 8.Qc2 Qc7 9.h3
a6 10.Be3 Re8 11.Rfd1 Rb8 12.Rac1 Bf8 13.b4 b6 14.b5 axb5 15.cxb5 c5 16.dxe5
dxe5 17.Nd2 Bb7 18.Nc4 Bxg2 19.Kxg2 Be7 20.Bg5 h6 21.Bxf6 Nxf6 22.e4 Red8
23.Rxd8+ Bxd8 24.Rd1 Be7 25.Nd5 Nxd5 26.Rxd5 f6 27.Qd1 Rd8 28.h4 Kf8 29.h5 Rxd5
30.Qxd5 Qb8 31.Qc6 Bd8 32.Ne3 Qa7 33.Qc8 Ke8 34.Nd5 Qd7 35.Qc6 Qxc6 36.bxc6 c4
37.Kf3 b5 38.c7 Bxc7 39.Nxc7+ Kd7 40.Nxb5 Kc6 41.Nc3 Kc5 42.Ke3

[Event "17. Internationales Open Graz 2010"]
[Site "Brauhaus Puntigam, Graz"]
[Date "2010.09.01"]
[Round "5"]
[Board "1"]
[White "Schweitzer, Werner"]
[Black "Tomazini, Aljosa"]
[Result "0-1"]
[WhiteElo "2089"]
[BlackElo "2234"]
[PlyCount "36"]
[EventDate "2010.08.28"]
[EventRounds "9"]
[EventCountry "AUT"]

1.e4 d5 2.exd5 Qxd5 3.Nc3 Qa5 4.d4 Nf6 5.Bc4 Bg4 6.Nf3 Qf5 7.Bd3 Qh5 8.Be2 Nc6
9.Ng5 Bxe2 10.Nxe2 h6 11.Nf3 g5 12.Ng3 Qg6 13.Qe2 O-O-O 14.c3 e6 15.Be3 Nd5
16.O-O-O Bd6 17.Ne5 Nxe5 18.dxe5 Nxc3

[Event "17. Internationales Open Graz 2010"]
[Site "Brauhaus Puntigam, Graz"]
[Date "2010.09.01"]
[Round "5"]
[Board "1"]
[White "Tomazini, Zan"]
[Black "Nickl, Klaus"]
[Result "1-0"]
[WhiteElo "2188"]
[BlackElo "2162"]
[PlyCount "103"]
[EventDate "2010.08.28"]
[EventRounds "9"]
[EventCountry "AUT"]

1.e4 e5 2.Nf3 Nc6 3.d4 exd4 4.Nxd4 Nf6 5.Nxc6 bxc6 6.e5 Qe7 7.Qe2 Nd5 8.c4 Nb6
9.Nc3 d5 10.cxd5 cxd5 11.f4 c6 12.b3 h5 13.Bb2 Qb4 14.Qd2 Bf5 15.Ba6 Nd7 16.Na4
Qe4+ 17.Kf2 Nc5 18.Rhe1 Nd3+ 19.Bxd3 Qxd3 20.Qxd3 Bxd3 21.Rac1 Bb5 22.Nc5 Bxc5+
23.Rxc5 Kd7 24.Re3 Rhb8 25.Bd4 g6 26.Rec3 Rc8 27.a4 Ba6 28.Ra5 Bb7 29.Rxa7 Rxa7
30.Bxa7 Ra8 31.Bc5 Ke6 32.g3 Kf5 33.Ke3 h4 34.Be7 hxg3 35.hxg3 Ke6 36.Bd6 Rh8
37.Kd4 Kf5 38.Kc5 Ke4 39.Kb6 Ba8 40.Bc5 g5 41.Re3+ Kf5 42.fxg5 Rg8 43.Rf3+ Ke4
44.Rxf7 Kxe5 45.Rf8 Rxg5 46.Re8+ Kf5 47.Rxa8 Rxg3 48.Kxc6 Rxb3 49.Kxd5 Rd3+
50.Bd4 Ra3 51.a5 Kg6 52.a6

[Event "17. Internationales Open Graz 2010"]
[Site "Brauhaus Puntigam, Graz"]
[Date "2010.09.01"]
[Round "5"]
[Board "1"]
[White "Kreiner, Stefan"]
[Black "Wegerer, Fred"]
[Result "1/2-1/2"]
[WhiteElo "1926"]
[BlackElo "2207"]
[PlyCount "155"]
[EventDate "2010.08.28"]
[EventRounds "9"]
[EventCountry "AUT"]

1.e4 c6 2.d4 d5 3.Nc3 g6 4.Nf3 Bg7 5.exd5 cxd5 6.Bb5+ Nc6 7.Ne5 Bd7 8.Nxd7 Qxd7
9.O-O Nf6 10.Bf4 O-O 11.Re1 Rac8 12.Na4 Qf5 13.Bg3 Ne4 14.c3 Nxg3 15.hxg3 e5
16.dxe5 Nxe5 17.Be2 Qd7 18.b4 b6 19.Qb3 Rfd8 20.Rad1 Qb7 21.f4 Nc4 22.Bf3 a6
23.Rd3 Qc6 24.Red1 b5 25.Nc5 Bf8 26.Rxd5 Rxd5 27.Rxd5 Qe8 28.Ne4 Bg7 29.Kh2 Qe7
30.Nc5 h5 31.a4 Qe1 32.axb5 Ne3 33.Nd3 Nf1+ 34.Kg1 Qa1 35.Ne5 Nd2+ 36.Qd1 Nxf3+
37.gxf3 Qxd1+ 38.Rxd1 axb5 39.Rd3 g5 40.Kf2 h4 41.Kg2 f6 42.Ng6 Kh7 43.f5 hxg3
44.Kxg3 Rc7 45.Kf2 Kh6 46.Ke2 Kh5 47.Kd2 Bh6 48.f4 gxf4 49.Rh3+ Kg5 50.Nxf4 Rh7
51.Ne2 Kxf5+ 52.Kc2 Kg4 53.Rh1 f5 54.Rg1+ Kf3 55.Nd4+ Kf2 56.Rg6 f4 57.Nxb5 f3
58.Nd4 Be3 59.Nxf3 Kxf3 60.c4 Ke4 61.Rd6 Bd4 62.Rc6 Rh3 63.b5 Rc3+ 64.Kb1 Kd3
65.Rh6 Kxc4 66.Rc6+ Bc5 67.b6 Kd5 68.Rh6 Rb3+ 69.Kc2 Rb5 70.Rg6 Kc4 71.Rc6 Kd4
72.Rh6 Kd5 73.Rg6 Kc4 74.Rc6 Rb4 75.Kd2 Kd5 76.Rg6 Bxb6 77.Kc3 Rh4 78.Rxb6

[Event "17. Internationales Open Graz 2010"]
[Site "Brauhaus Puntigam, Graz"]
[Date "2010.09.01"]
[Round "5"]
[Board "1"]
[White "Wiedermann, Daniel"]
[Black "Zoebisch, Herbert"]
[Result "0-1"]
[WhiteElo "2198"]
[BlackElo "2117"]
[PlyCount "107"]
[EventDate "2010.08.28"]
[EventRounds "9"]
[EventCountry "AUT"]

1.d4 d5 2.c4 dxc4 3.e3 Nf6 4.Bxc4 e6 5.Nf3 c5 6.O-O a6 7.Bb3 Nc6 8.Nc3 Be7
9.dxc5 Qxd1 10.Rxd1 Bxc5 11.Bd2 O-O 12.Be1 Be7 13.Rac1 Rd8 14.Rxd8+ Bxd8 15.Na4
Na5 16.Bc2 b5 17.Nc5 Nb7 18.Ne4 Nd5 19.Rd1 Be7 20.Ne5 Nd8 21.Nd3 f5 22.Nc3 Bb7
23.Bb3 Nf6 24.Ne5 b4 25.Na4 Bd5 26.Nc4 Rb8 27.f3 Nc6 28.Bg3 Rd8 29.Nab6 Bc5
30.Bc7 Re8 31.Ba4 Re7 32.Bd6 Bxd6 33.Nxd6 Na5 34.Nxd5 exd5 35.Nxf5 Re5 36.g4 Nc4
37.Bb3 Nxb2 38.Bxd5+ Nxd5 39.Rxd5 Rxd5 40.Ne7+ Kf7 41.Nxd5 a5 42.Nf4 Nd1 43.Nd3
Ke6 44.e4 Nc3 45.Nc5+ Ke7 46.Nb3 a4 47.Nc5 Kd6 48.Nd3 Nxa2 49.e5+ Ke7 50.Kf2 b3
51.Ke1 Nb4 52.Nxb4 a3 53.Nd5+ Kf8 54.Nb4 {Flag!}

[Event "17. Internationales Open Graz 2010"]
[Site "Brauhaus Puntigam, Graz"]
[Date "2010.09.01"]
[Round "5"]
[Board "1"]
[White "Holzbauer, Johannes"]
[Black "Mihevc Mohr, Narcisa"]
[Result "1/2-1/2"]
[WhiteElo "2036"]
[BlackElo "2142"]
[PlyCount "43"]
[EventDate "2010.08.28"]
[EventRounds "9"]
[EventCountry "AUT"]

1.e4 c5 2.Nc3 Nc6 3.g4 e5 4.Bc4 d6 5.d3 a6 6.a4 Nd4 7.Nd5 Ne7 8.c3 Nxd5 9.Bxd5
Ne6 10.Qf3 Be7 11.Ne2 O-O 12.h4 Rb8 13.g5 b5 14.axb5 axb5 15.Ng3 b4 16.Nf5 bxc3
17.bxc3 Nc7 18.c4 Nxd5 19.cxd5 Bxf5 20.exf5 Ra8 21.Rxa8 Qxa8 22.Kf1

[Event "17. Internationales Open Graz 2010"]
[Site "Brauhaus Puntigam, Graz"]
[Date "2010.09.01"]
[Round "5"]
[Board "1"]
[White "Diermair, Andreas"]
[Black "Matosec, Thomas"]
[Result "1-0"]
[WhiteElo "2312"]
[BlackElo "2088"]
[PlyCount "135"]
[EventDate "2010.08.28"]
[EventRounds "9"]
[EventCountry "AUT"]

1.Nf3 Nf6 2.c4 g6 3.d4 Bg7 4.g3 O-O 5.Bg2 c5 6.O-O cxd4 7.Nxd4 Nc6 8.Nc3 d6
9.Nxc6 bxc6 10.Bxc6 Rb8 11.Bg2 Qa5 12.Qd3 Be6 13.b3 Rxb3 14.axb3 Qxa1 15.Bd2 Qa6
16.Nb5 d5 17.Rc1 Rc8 18.h3 Bd7 19.Kh2 e5 20.Bxd5 Nxd5 21.Qxd5 Bc6 22.Qd3 e4
23.Qe3 Rd8 24.Bc3 Bxb5 25.Bxg7 Kxg7 26.cxb5 Qxb5 27.Rc4 Re8 28.Rxe4 Rxe4 29.Qxe4
Qxb3 30.Qd4+ Kg8 31.Qxa7 Qe6 32.Qa8+ Kg7 33.Qf3 h5 34.e4 Qd6 35.Kg2 Qe6 36.Qc3+
Kg8 37.Qd4 Qc6 38.Qd8+ Kg7 39.Qe7 Kg8 40.Kg1 Qc1+ 41.Kh2 Qe1 42.Kg2 Qe2 43.Qe5
Kh7 44.Qf4 Kg7 45.g4 hxg4 46.hxg4 Kg8 47.e5 Kg7 48.Kg3 Qe1 49.Qf6+ Kg8 50.Kh4
Qh1+ 51.Kg5 Qd5 52.f4 Kh7 53.Qd6 Qh1 54.Kf6 Qh4+ 55.Kxf7 Qxg4 56.e6 Qf5+ 57.Ke8
Kg8 58.Kd8 Qa5+ 59.Kd7 Qa7+ 60.Ke8 Qa4+ 61.Qd7 Qa8+ 62.Qd8 Qe4 63.Ke7+ Kh7
64.Qc7 Kh6 65.Kf7 Qd4 66.Qe5 Qa7+ 67.e7 Qa2+ 68.Kf8

[Event "17. Internationales Open Graz 2010"]
[Site "Brauhaus Puntigam, Graz"]
[Date "2010.09.01"]
[Round "5"]
[Board "1"]
[White "Teuschler, Hugo"]
[Black "Wertjanz, David"]
[Result "0-1"]
[WhiteElo "2043"]
[BlackElo "2175"]
[PlyCount "82"]
[EventDate "2010.08.28"]
[EventRounds "9"]
[EventCountry "AUT"]

1.e4 c5 2.Nf3 d6 3.d4 cxd4 4.Nxd4 Nf6 5.Nc3 a6 6.Bg5 e6 7.f4 Be7 8.Qf3 h6 9.Bh4
Qc7 10.O-O-O Nbd7 11.Bd3 g5 12.e5 gxh4 13.exf6 Nxf6 14.f5 e5 15.Nde2 Bd7 16.Ne4
d5 17.Nxf6+ Bxf6 18.Qxd5 Bc6 19.Qc4 b5 20.Qg4 Qb7 21.Nc3 O-O-O 22.Be4 Rd4
23.Rxd4 exd4 24.Bxc6 Qxc6 25.Qe4 Kb7 26.Qxc6+ Kxc6 27.Ne2 Kd5 28.g3 Bg5+ 29.Kd1
hxg3 30.hxg3 Ke4 31.Rf1 h5 32.Ng1 Be3 33.Nh3 Rg8 34.Nf4 Rg5 35.Ne2 Rxf5 36.Rh1
Ke5 37.Nc1 Bxc1 38.Kxc1 Ke4 39.Re1+ Kf3 40.Rf1+ Kg4 41.Rd1 Kxg3

[Event "17. Internationales Open Graz 2010"]
[Site "Brauhaus Puntigam, Graz"]
[Date "2010.09.01"]
[Round "5"]
[Board "1"]
[White "Kozomara, David"]
[Black "Toefferl, Heimo"]
[Result "1/2-1/2"]
[WhiteElo "1962"]
[BlackElo "2131"]
[PlyCount "121"]
[EventDate "2010.08.28"]
[EventRounds "9"]
[EventCountry "AUT"]

1.e4 e6 2.d4 d5 3.exd5 exd5 4.Nf3 Bd6 5.Bd3 Ne7 6.Nc3 c6 7.Ne2 Bg4 8.Ng3 Qc7
9.Be3 Nd7 10.Qd2 f6 11.O-O-O O-O-O 12.h3 Bxf3 13.gxf3 g6 14.Ne2 Nb6 15.Nf4 Qd7
16.h4 Kb8 17.h5 f5 18.Ne2 Rde8 19.Rdg1 Ka8 20.Rh4 Nec8 21.Rgh1 Rhg8 22.hxg6 hxg6
23.Bg5 Qf7 24.f4 a6 25.Ng1 c5 26.Nf3 cxd4 27.Nxd4 Nc4 28.Bxc4 dxc4 29.Qa5 Bc7
30.Qc3 Nd6 31.Rh7 Rg7 32.Rxg7 Qxg7 33.Nb5 Qd7 34.Nxd6 Bxd6 35.Qxc4 Rc8 36.Qe2
Qa4 37.Kb1 Re8 38.Qd2 Bb4 39.c3 Bxc3 40.Qc2 Re1+ 41.Rxe1 Qxc2+ 42.Kxc2 Bxe1
43.f3 b5 44.Kd3 Bf2 45.Bf6 Kb7 46.Bd4 Bg3 47.Be3 Kc6 48.Kd4 Kd6 49.Kc3 Kd5
50.Kd3 a5 51.b3 Be1 52.Bg1 a4 53.Be3 Bb4 54.Bc1 Bd6 55.Be3 Bc7 56.Kc3 Ba5+
57.Kd3 Bb4 58.Bc1 Bd6 59.Be3 Ba3 60.Kc3 axb3 61.axb3

[Event "17. Internationales Open Graz 2010"]
[Site "Brauhaus Puntigam, Graz"]
[Date "2010.09.01"]
[Round "5"]
[Board "1"]
[White "Titan, Matej"]
[Black "Gutmann, Alois"]
[Result "1-0"]
[WhiteElo "2117"]
[BlackElo "2087"]
[PlyCount "77"]
[EventDate "2010.08.28"]
[EventRounds "9"]
[EventCountry "AUT"]

1.d4 e6 2.c4 b6 3.e4 Bb7 4.Bd3 f5 5.exf5 Bb4+ 6.Kf1 Nf6 7.c5 bxc5 8.a3 c4 9.Bxc4
Be7 10.Nf3 O-O 11.Nc3 Ne4 12.fxe6 Nd6 13.Bb3 Bxf3 14.gxf3 dxe6 15.Bxe6+ Kh8
16.Rg1 Nf5 17.Rg4 Nh4 18.Bd5 c6 19.Be4 Qc7 20.Kg1 Nd7 21.d5 Ne5 22.Rg3 Rad8
23.Qe2 Rd6 24.dxc6 Rg6 25.Nd5 Rxg3+ 26.hxg3 Nhxf3+ 27.Bxf3 Nxf3+ 28.Qxf3 Qxc6
29.Qb3 Qe6 30.Be3 Rd8 31.Rd1 h5 32.Qb5 h4 33.Nc3 Rxd1+ 34.Nxd1 hxg3 35.Qh5+ Kg8
36.fxg3 Qb3 37.Qe2 a5 38.Nc3 Bd6 39.Qd2

[Event "17. Internationales Open Graz 2010"]
[Site "Brauhaus Puntigam, Graz"]
[Date "2010.09.01"]
[Round "5"]
[Board "1"]
[White "Sekyra, Michael"]
[Black "Schieder, Josef"]
[Result "0-1"]
[WhiteElo "2111"]
[BlackElo "2064"]
[PlyCount "62"]
[EventDate "2010.08.28"]
[EventRounds "9"]
[EventCountry "AUT"]

1.e4 d5 2.exd5 Qxd5 3.Nc3 Qa5 4.d4 Nf6 5.Nf3 Bf5 6.Bc4 e6 7.Bd2 c6 8.Nd5 Qd8
9.Nxf6+ gxf6 10.Qe2 Bxc2 11.d5 cxd5 12.Bb5+ Nd7 13.Nd4 Be4 14.f3 Bg6 15.f4 Be4
16.f5 e5 17.Ne6 Qb6 18.Be3 Bb4+ 19.Kf2 Qd6 20.Qh5 Ke7 21.Bxd7 Qxd7 22.Ng5 Qxf5+
23.Kg3 Qg6 24.Qe2 Bd6 25.h4 Bd3 26.Qd2 d4 27.Bxd4 exd4+ 28.Kh3 fxg5 29.g4 h5
30.Rhe1+ Kf8 31.Rad1 Be4

[Event "17. Internationales Open Graz 2010"]
[Site "Brauhaus Puntigam, Graz"]
[Date "2010.09.02"]
[Round "6"]
[Board "1"]
[White "Mohr, Georg"]
[Black "Lanka, Zigurds"]
[Result "1/2-1/2"]
[WhiteElo "2511"]
[BlackElo "2468"]
[PlyCount "40"]
[EventDate "2010.08.28"]
[EventRounds "9"]
[EventCountry "AUT"]

1.c4 c5 2.Nc3 g6 3.g3 Bg7 4.Bg2 Nc6 5.Nf3 Nf6 6.O-O d6 7.d4 cxd4 8.Nxd4 Bd7 9.b3
O-O 10.Bb2 Qa5 11.e3 Rfc8 12.Qe2 Rab8 13.Rfd1 Qh5 14.Qxh5 Nxh5 15.Nd5 Kf8 16.Rd2
Nxd4 17.Bxd4 Bxd4 18.exd4 Bc6 19.Nc3 Bxg2 20.Kxg2 Nf6

[Event "17. Internationales Open Graz 2010"]
[Site "Brauhaus Puntigam, Graz"]
[Date "2010.09.02"]
[Round "6"]
[Board "1"]
[White "Kasparov, Sergey"]
[Black "Shengelia, David"]
[Result "1/2-1/2"]
[WhiteElo "2492"]
[BlackElo "2582"]
[PlyCount "44"]
[EventDate "2010.08.28"]
[EventRounds "9"]
[EventCountry "AUT"]

1.d4 d5 2.c4 c6 3.Nf3 e6 4.e3 f5 5.Nc3 Nf6 6.Be2 Bd6 7.Ne5 O-O 8.f4 Nbd7 9.O-O
Qe7 10.Bd2 g6 11.Nxd7 Bxd7 12.c5 Bc7 13.b4 a6 14.a4 Qg7 15.g3 g5 16.Kh1 Kh8
17.Bf3 gxf4 18.gxf4 Rg8 19.Rg1 Qxg1+ 20.Qxg1 Rxg1+ 21.Rxg1 Rg8 22.Rxg8+ Kxg8

[Event "17. Internationales Open Graz 2010"]
[Site "Brauhaus Puntigam, Graz"]
[Date "2010.09.02"]
[Round "6"]
[Board "1"]
[White "Rabiega, Robert"]
[Black "Fauland, Alexander"]
[Result "0-1"]
[WhiteElo "2508"]
[BlackElo "2406"]
[PlyCount "46"]
[EventDate "2010.08.28"]
[EventRounds "9"]
[EventCountry "AUT"]

1.e4 c5 2.c3 b6 3.d4 Bb7 4.Bd3 e6 5.Ne2 d6 6.O-O Nf6 7.Nd2 Nbd7 8.Re1 a6 9.a4
Qc7 10.Ng3 g6 11.Qe2 cxd4 12.cxd4 Bg7 13.b3 O-O 14.Ba3 Rfc8 15.Nc4 Ne8 16.Rac1
Qb8 17.Bb2 d5 18.Nd2 Rxc1 19.Rxc1 dxe4 20.Ngxe4 Qd8 21.Nc4 Ndf6 22.Ng5 Nh5
23.Qxh5 gxh5

[Event "17. Internationales Open Graz 2010"]
[Site "Brauhaus Puntigam, Graz"]
[Date "2010.09.02"]
[Round "6"]
[Board "1"]
[White "Webersberger, Johann"]
[Black "Tomazini, Zan"]
[Result "1-0"]
[WhiteElo "2368"]
[BlackElo "2188"]
[PlyCount "85"]
[EventDate "2010.08.28"]
[EventRounds "9"]
[EventCountry "AUT"]

1.d4 Nf6 2.c4 e5 3.dxe5 Ng4 4.Nf3 Bc5 5.e3 Nc6 6.Nc3 O-O 7.Be2 Re8 8.O-O Ngxe5
9.Nxe5 Nxe5 10.b3 a5 11.Ne4 Bf8 12.Bb2 Qh4 13.Ng3 Ra6 14.Qd4 Qd8 15.f4 Rd6
16.Qc3 Nc6 17.Nf5 Rf6 18.Ng3 d6 19.Bf3 Rh6 20.Nh5 Qe7 21.Nxg7 Qxe3+ 22.Qxe3 Rxe3
23.Nh5 Be7 24.g4 Rd3 25.g5 Rd2 26.gxh6 Rxb2 27.Rf2 Rxf2 28.Kxf2 Nb4 29.a3 Nc2
30.Rg1+ Kf8 31.Be4 Bh4+ 32.Ng3 Nd4 33.Bxh7 Ne6 34.Ke3 Bf6 35.Nf5 Ke8 36.Rg8+ Kd7
37.Ng7 Bd4+ 38.Kf3 b5 39.Be4 a4 40.bxa4 bxc4 41.Nxe6 fxe6 42.h7 c3 43.Ke2

[Event "17. Internationales Open Graz 2010"]
[Site "Brauhaus Puntigam, Graz"]
[Date "2010.09.02"]
[Round "6"]
[Board "1"]
[White "Krumpacnik, Domen"]
[Black "Halvax, Georg"]
[Result "1/2-1/2"]
[WhiteElo "2331"]
[BlackElo "2255"]
[PlyCount "120"]
[EventDate "2010.08.28"]
[EventRounds "9"]
[EventCountry "AUT"]

1.d4 d5 2.Nf3 Nf6 3.Bf4 e6 4.e3 c5 5.c3 Nc6 6.Nbd2 Bd6 7.Bg3 O-O 8.a3 b6 9.Bb5
Bb7 10.O-O Qe7 11.b4 a6 12.Ba4 c4 13.Bxd6 Qxd6 14.Bxc6 Bxc6 15.Ne5 Bb7 16.Qc2
Rac8 17.f3 Nd7 18.Nxd7 Qxd7 19.f4 f6 20.Rf3 g6 21.Raf1 Rce8 22.R3f2 Bc6 23.Nf3
a5 24.Ra1 Ra8 25.Qb1 axb4 26.axb4 Rxa1 27.Qxa1 Ra8 28.Ra2 Rxa2 29.Qxa2 Ba4
30.Kf2 Kg7 31.g4 Bd1 32.g5 Qa4 33.Qxa4 Bxa4 34.gxf6+ Kxf6 35.e4 Bc2 36.e5+ Kg7
37.Kg3 h6 38.Nd2 Bd3 39.Kh4 Kf7 40.Nf3 Be4 41.Ng1 Bf5 42.Ne2 Bd3 43.Ng3 Kg7
44.Nh1 Be4 45.Nf2 Bf3 46.Nh3 Bg2 47.Ng1 Be4 48.Kg4 Bd3 49.h4 Bf5+ 50.Kf3 h5
51.Ke3 Kf7 52.Kd2 b5 53.Nf3 Ke7 54.Ng5 Kf8 55.Nh7+ Ke7 56.Nf6 Kd8 57.Ke3 Ke7
58.Kf2 Kd8 59.Ng8 Ke8 60.Nf6+ Ke7

[Event "17. Internationales Open Graz 2010"]
[Site "Brauhaus Puntigam, Graz"]
[Date "2010.09.02"]
[Round "6"]
[Board "1"]
[White "Danner, Georg"]
[Black "Zoebisch, Herbert"]
[Result "1-0"]
[WhiteElo "2418"]
[BlackElo "2117"]
[PlyCount "153"]
[EventDate "2010.08.28"]
[EventRounds "9"]
[EventCountry "AUT"]

1.d4 d5 2.Nf3 Nf6 3.c4 dxc4 4.e3 e6 5.Bxc4 c5 6.O-O a6 7.dxc5 Qxd1 8.Rxd1 Bxc5
9.Nbd2 Nc6 10.Be2 b6 11.a3 b5 12.Ng5 Bb7 13.Nde4 Nxe4 14.Nxe4 Be7 15.Nd6+ Bxd6
16.Rxd6 Ke7 17.Rd1 Rhd8 18.Bd2 Rd7 19.Bc3 Rxd1+ 20.Rxd1 f6 21.f3 Rd8 22.Rxd8
Kxd8 23.Kf2 e5 24.h4 Bc8 25.Bd3 h6 26.Be4 Bd7 27.h5 Ke7 28.g4 Kd6 29.Kg3 Be8
30.f4 exf4+ 31.exf4 Ke7 32.Kh4 Kf8 33.g5 fxg5+ 34.fxg5 hxg5+ 35.Kxg5 Kg8 36.Bd5+
Kh7 37.Be6 a5 38.Bf5+ Kg8 39.b4 axb4 40.axb4 Ne7 41.Bd3 Nd5 42.Bd2 Bd7 43.Be4
Be6 44.Bc2 Ne7 45.Be3 Bc4 46.Bc5 Nc6 47.Be4 Nd8 48.Kf5 Nf7 49.Kf4 Nd8 50.Ke5
Nf7+ 51.Kd4 Ng5 52.Bf5 Ne6+ 53.Ke5 Kf7 54.Bg6+ Kg8 55.Be7 Nc7 56.Bd6 Ne6 57.Be8
Ng5 58.Be7 Nf7+ 59.Kd4 Be2 60.Kc5 Bxh5 61.Bxb5 g5 62.Bc4 Kg7 63.b5 Ne5 64.Be6
Kg6 65.b6 Bf3 66.Kd6 Nf7+ 67.Kc7 Ne5 68.Bd6 Kf6 69.Bb3 g4 70.Bc5 Nd3 71.Bd4+ Ke7
72.Bd1 Nf4 73.Bxf3 Ne6+ 74.Kc8 gxf3 75.b7 Nxd4 76.b8=Q Ke6 77.Qf4

[Event "17. Internationales Open Graz 2010"]
[Site "Brauhaus Puntigam, Graz"]
[Date "2010.09.02"]
[Round "6"]
[Board "1"]
[White "Fahrner, Kurt"]
[Black "Staufenberger, Bernd"]
[Result "1-0"]
[WhiteElo "2314"]
[BlackElo "2071"]
[PlyCount "121"]
[EventDate "2010.08.28"]
[EventRounds "9"]
[EventCountry "AUT"]

1.g3 g6 2.Bg2 Bg7 3.d4 d6 4.e4 Nd7 5.Ne2 e5 6.Nbc3 c6 7.O-O Ngf6 8.b3 Qa5 9.d5
cxd5 10.Nxd5 Nxd5 11.Qxd5 Qxd5 12.exd5 Nc5 13.Be3 b6 14.Rac1 Bg4 15.Nc3 Bd7
16.b4 Nb7 17.Rfe1 O-O 18.Bf1 f5 19.Ba6 Nd8 20.Bd2 Rf7 21.a3 Bc8 22.Bc4 Rc7
23.Bf1 Bd7 24.Nb5 Bxb5 25.Bxb5 h6 26.Bf1 g5 27.f3 Rf7 28.Kg2 Rc8 29.Bd3 Rcc7
30.Rb1 Rf6 31.h3 Nf7 32.Re2 Nh8 33.a4 Ng6 34.a5 Ne7 35.axb6 axb6 36.c4 b5 37.Rc1
bxc4 38.Bxc4 Rf8 39.Ba2 Rfc8 40.Rb1 f4 41.g4 Ra8 42.Be1 e4 43.fxe4 Ng6 44.b5 Ne5
45.Rd2 Rb8 46.b6 Rcb7 47.Bf2 Nd7 48.Bc4 f3+ 49.Kf1 Nc5 50.Bxc5 dxc5 51.d6+ Kf8
52.Ba6 Rxb6 53.Rxb6 Rxb6 54.d7 Bf6 55.d8=Q+ Bxd8 56.Rxd8+ Ke7 57.Ra8 Kd6 58.Kf2
Ke5 59.Bd3 Rd6 60.Ke3 Rf6 61.Re8+

[Event "17. Internationales Open Graz 2010"]
[Site "Brauhaus Puntigam, Graz"]
[Date "2010.09.02"]
[Round "6"]
[Board "1"]
[White "Buzeti, Jernej"]
[Black "Huber, Martin Christian"]
[Result "1/2-1/2"]
[WhiteElo "2251"]
[BlackElo "1951"]
[PlyCount "156"]
[EventDate "2010.08.28"]
[EventRounds "9"]
[EventCountry "AUT"]

1.e4 e5 2.Nf3 Nc6 3.Bc4 Bc5 4.O-O Nf6 5.d4 Nxd4 6.Nxe5 O-O 7.Be3 Ne6 8.Bxe6 Bxe3
9.Nxf7 Qe7 10.Bb3 Bc5 11.e5 Ne8 12.Ng5+ Kh8 13.Qh5 g6 14.Qh6 b6 15.Nc3 Ba6
16.Nd5 Qg7 17.Qxg7+ Kxg7 18.c4 b5 19.Rac1 Bd4 20.Nf3 Bxb2 21.Rc2 bxc4 22.Bxc4
Bxc4 23.Rxc4 c6 24.Ne3 Nc7 25.Rd1 Rfd8 26.Rb4 Ba3 27.Rb7 Rac8 28.Nc4 Bc5 29.Nd6
Bxd6 30.Rxd6 Kf8 31.Nd4 Rb8 32.Rxb8 Rxb8 33.f4 Ke7 34.Nb3 Ne6 35.g3 c5 36.Rd2
Rb4 37.Rc2 d6 38.Kf2 c4 39.exd6+ Kxd6 40.Nd2 Kd5 41.Ke3 Nd4 42.Rc3 Nf5+ 43.Ke2
Kd4 44.Ra3 Rb2 45.Rxa7 Kc3 46.Ra3+ Kb4 47.Ra8 Nd4+ 48.Ke3 c3 49.a3+ Kb5 50.Rb8+
Ka4 51.Rxb2 Nf5+ 52.Kd3 cxb2 53.Kc2 Kxa3 54.Nc4+ Kb4 55.Nxb2 Ne3+ 56.Kd3 Nf1
57.Nc4 Nxh2 58.Ne5 Nf1 59.g4 Kc5 60.Ke2 Ng3+ 61.Kf3 Nf1 62.Nd7+ Kd6 63.Nf8 Nh2+
64.Kg3 Nf1+ 65.Kh4 Ke7 66.Nxh7 Kf7 67.Ng5+ Kf6 68.Ne4+ Kg7 69.Kg5 Ne3 70.Nc5 Nd5
71.Nd7 Nc7 72.f5 gxf5 73.gxf5 Ne8 74.Nc5 Kf7 75.Nd3 Nd6 76.Ne5+ Kg8 77.f6 Ne4+
78.Kg6 Nxf6

[Event "17. Internationales Open Graz 2010"]
[Site "Brauhaus Puntigam, Graz"]
[Date "2010.09.02"]
[Round "6"]
[Board "1"]
[White "Wallner, Dieter"]
[Black "Diermair, Andreas"]
[Result "0-1"]
[WhiteElo "2117"]
[BlackElo "2312"]
[PlyCount "70"]
[EventDate "2010.08.28"]
[EventRounds "9"]
[EventCountry "AUT"]

1.d4 Nf6 2.c4 e6 3.g3 d5 4.Nf3 Bb4+ 5.Bd2 Be7 6.Bg2 O-O 7.Qc2 c6 8.O-O b6 9.Bf4
Ba6 10.Nbd2 Nbd7 11.Qa4 Qc8 12.cxd5 Nxd5 13.Rfc1 Bxe2 14.Rxc6 Qa6 15.Qxa6 Bxa6
16.Ne5 Nxf4 17.gxf4 Nf6 18.Rc7 Bd6 19.Rxf7 Nd5 20.Rd7 Rfd8 21.Rxd8+ Rxd8 22.Nc6
Rc8 23.Ne5 Nxf4 24.Be4 Ne2+ 25.Kg2 Nxd4 26.Ndf3 Nxf3 27.Nxf3 Bf4 28.Rd1 Bb5
29.Rd4 g5 30.h4 h6 31.hxg5 hxg5 32.Kh3 Kf7 33.Kg4 Kf6 34.Rd1 Rh8 35.Rd4 Be2

[Event "17. Internationales Open Graz 2010"]
[Site "Brauhaus Puntigam, Graz"]
[Date "2010.09.02"]
[Round "6"]
[Board "1"]
[White "Mihevc, Ivo"]
[Black "Schweitzer, Werner"]
[Result "1-0"]
[WhiteElo "2193"]
[BlackElo "2089"]
[PlyCount "53"]
[EventDate "2010.08.28"]
[EventRounds "9"]
[EventCountry "AUT"]

1.e4 c6 2.d4 d5 3.e5 Bf5 4.Nf3 e6 5.Be2 Ne7 6.O-O c5 7.dxc5 Nbc6 8.c4 Qc7 9.Qa4
Qa5 10.Qxa5 Nxa5 11.Nc3 dxc4 12.Nb5 Nd5 13.Nd6+ Bxd6 14.cxd6 Be4 15.Nd4 Rc8
16.Bd2 Nc6 17.Nxc6 Rxc6 18.Rac1 Nb6 19.Be3 Bd5 20.Rc2 Kd7 21.f4 Rhc8 22.f5 Be4
23.fxe6+ Kxe6 24.Bg4+ f5 25.exf6+ Kf7 26.fxg7+ Kxg7 27.Rcf2

[Event "17. Internationales Open Graz 2010"]
[Site "Brauhaus Puntigam, Graz"]
[Date "2010.09.02"]
[Round "6"]
[Board "1"]
[White "Wertjanz, David"]
[Black "Huber, Adolf"]
[Result "1-0"]
[WhiteElo "2175"]
[BlackElo "2072"]
[PlyCount "75"]
[EventDate "2010.08.28"]
[EventRounds "9"]
[EventCountry "AUT"]

1.e4 c5 2.Nf3 Nc6 3.d4 cxd4 4.Nxd4 e5 5.Nb5 d6 6.Be3 Nf6 7.Bg5 Be6 8.N1c3 a6
9.Bxf6 gxf6 10.Na3 Rc8 11.Nc4 Nd4 12.Ne3 f5 13.exf5 Nxf5 14.Nxf5 Bxf5 15.Bd3 Bg6
16.Bxg6 hxg6 17.Qf3 Rc6 18.O-O-O Rh4 19.Nd5 Bg7 20.Rhe1 Qg5+ 21.Kb1 Qf5 22.Qxf5
gxf5 23.h3 f4 24.Rd3 f5 25.f3 Rc5 26.c3 Bf8 27.b4 Rc4 28.Kb2 Kd8 29.Kb3 b5 30.a4
e4 31.axb5 axb5 32.Rdd1 exf3 33.gxf3 Rxh3 34.Ra1 Rc8 35.Ra7 Rxf3 36.Re8+ Kxe8
37.Nf6+ Kd8 38.Rd7#